000
00290nam a22001337a 4500
008
170616b xxu||||| |||| 00| 0 eng d
020
_a
763189
041
_a
eng
080
_a
32
100
_a
20
101
_a
shp
245
_a
POLITICAL FORCES IN ARGENTINA
_c
SNOW, P.G
942
_2
udc
_c
BK
999
_c
17794
_d
17794